| 000 | 00827nam a2200265Ia 4500 | ||
|---|---|---|---|
| 003 | OSt | ||
| 005 | 20221005075916.0 | ||
| 006 | a|||||r|||| 00| 0 | ||
| 007 | ta | ||
| 008 | 221004b |||||||| |||| 00| 0 san d | ||
| 020 |
_a9788183152006 (hbk) _c400 |
||
| 024 | _a2246 | ||
| 037 |
_b329, 10/12/2012, Vidyanidhi Prakashan _cTextual |
||
| 040 |
_aCRL _cCRL _bsan |
||
| 041 |
_2san _asan |
||
| 082 | _aO111,1N48x, 15Q2 | ||
| 100 |
_aSibbal Kapil _9610110 |
||
| 245 | 0 | _aAham ishre | |
| 260 |
_aNew Delhi _bNew Bhartiya Book Co. India _c2012 |
||
| 300 |
_a141p. _ccm. |
||
| 650 | _aENGLISH LITERATURE | ||
| 700 |
_a Tripathi Radhavallbh Tr. _9610111 |
||
| 942 |
_hO111,1N48x, 15Q2 _cTEXL _2cc |
||
| 999 |
_c985396 _d985396 |
||